Biggest underdog in ufc title fights - Statistics

General Stats
  • This quiz has been taken 28 times
  • The average score is 4 of 10
Answer Stats
Answer Event Date Odds % Correct
Sean Strickland UFC 293 10 de septiembre de 2023 +400
74%
Holly Holm UFC 193 15 de noviembre de 2015 +830
52%
Mat Serra UFC 69 7 de abril de 2007 +700
48%
Michael Bisping UFC 199 4 de junio de 2016 +600
48%
Rose Namajunas UFC 217 4 de noviembre de 2017 +500
37%
TJ Dillashaw UFC 173 24 de mayo de 2014 +650
37%
Juliana Peña UFC 269 11 de diciembre de 2021 +650
33%
Nate Diaz UFC 196 5 de marzo de 2016 +400
33%
Chris Weidman UFC 162 6 de julio de 2013 +240
26%
Frankie Edgar UFC 112 10 de abril de 2010 +650
19%
No matching quizzes found
Score Distribution
Percent of People with Each Score
Percentile by Number Answered
Your Score History
You have not taken this quiz